000 00780nam a2200229 a 4500
005 20241004063730.0
008 161031s1994 mx r 000 0 spa d
020 _a9684266529
035 _aUPN01000214391
049 _aCG
050 4 _aBF76.5
_bC6.5
100 1 _aCoolican, Hugh,
_d1946-
_939910
245 1 0 _aMétodos de investigación y estadística en psicología /
_cHugh Coolican ; tr. por Samuel Jurado Cárdenas.
260 _aMéxico :
_bEl Manual Moderno,
_c1994.
300 _a449 p. :
_bil., cuadros
534 _pTítulo original :
_tResearch methods and statistics in psychology
650 2 _aInvestigacion psicológica
_915795
650 4 _aPSICOLOGIA -
_xMETODOS ESTADISTICOS
_96558
650 4 _aPsicometría
_99969
905 _aLibro
999 _c186491
_d186491